| 000 | 00497nam a2200205Ia 4500 | ||
|---|---|---|---|
| 008 | 210210b2007 xxu||||| |||| 00| 0 eng d | ||
| 020 | _a8183562469 | ||
| 041 | _aeng | ||
| 082 | _a307.76 NARU | ||
| 100 | _aNARASAIAH (Lakshmi M) | ||
| 245 | _aUrbanisation and human rights | ||
| 260 |
_aNew Delhi _bDiscovery Publishing House _c2007 |
||
| 300 | _a137 | ||
| 650 | _aUrbanisation | ||
| 650 | _arights | ||
| 650 | _ahuman | ||
| 650 | _aand | ||
| 690 | _aUrban Sociology | ||
| 906 | _a063973 | ||
| 999 |
_c139190 _d139190 |
||